000 00734nam a22002177a 4500
003 OSt
005 20160504144740.0
008 160323b xxu||||| |||| 00| 0 eng d
020 _a978-974-652-267-0
040 _cLIC
082 _22013
_aDC 616.89
_bAm35
245 _aDesk reference to the diagnostic criteria from DSM-5/
_cAmerican Psychiatric Association.
260 _aWashington, D.C. :
_bAmerican Psychiatric Publishing,
_cc2013.
300 _axlviii, 395 pages ;
_c17 cm.
500 _aIncludes index.
650 0 _94334
_aMental illness
_xClassification
650 0 _94336
_aMental illness
_xDiagnosis
650 0 _94337
_aMental Disorders
_xdiagnosis
650 0 _94338
_aMental Disorders
_xclassification
942 _2ddc
_cBK
999 _c1430
_d1430